| 000 | 00660cam a2200229 4500 | ||
|---|---|---|---|
| 001 | J87626 | ||
| 008 | 090401t1997 xxu||||| |||| 00| 0 eng d | ||
| 035 | _a(Sirsi) u82013 | ||
| 041 | _aeng | ||
| 050 | _a333.33709421 | ||
| 110 |
_aPannell Kerr Forster Associates _92382 |
||
| 245 | _aLondon trends 1997 : performance and prospects of the capital`s hotel industry. | ||
| 260 |
_aLondon _bPannell Kerr Forster Associates _c1997 |
||
| 300 | _a28p. ; 30cm. | ||
| 350 | _a100 | ||
| 650 | _aHOTEL MARKET | ||
| 650 | _aHOTELS | ||
| 650 | _aLONDON | ||
| 690 | _aPROPERTY-COMMERCIAL PROPERTY-COMMERCIAL PROPERTY MARKET | ||
| 942 | _n0 | ||
| 948 | _c11/11/1997 | ||
| 999 |
_c96762 _d96762 |
||